| 000 | 00584nam a2200217 a 4500 | ||
|---|---|---|---|
| 999 |
_c11057 _d11057 |
||
| 001 | 11057 | ||
| 003 | BD-JhCC | ||
| 005 | 20210923134021.0 | ||
| 008 | 190627s2018 bg |||| |||| 000 0 eng d | ||
| 020 | _a9789847764085 | ||
| 035 | _a(BD-JhCC)11057 | ||
| 040 |
_aBD-JhCC _dBD-JhCC |
||
| 041 | _aeng | ||
| 082 |
_a297.1226 _bZAH 2018 |
||
| 100 | _aZahir, M. A. | ||
| 245 |
_aIn the light of Quran : _bthe origin of life and human embryology / _cM. A. Zahir |
||
| 260 |
_aDhaka : _bOtiijjhya, _c2018. |
||
| 300 |
_a292 p. : _c22 cm. |
||
| 650 |
_aAL Quran _vIslam |
||
| 942 |
_2ddc _cBK _03 |
||